000 00342nam a2200145Ia 4500
100 _aKershaw/John D
650 _aElectrical Engineering
942 _cBK
654 _aLogic & System
245 _aDidital Electronic Logic & Systems
260 _bDux-Bury Press
_aCailfornia
_c1976
082 _a621.3
300 _a454
546 _aENGLISH
999 _c33684
_d33684